000 00634nam a22002417a 4500
003 UA-OsUOA
001 92314
007 ta
008 20121212b un ||||| |||| 00| 0 ukr d
100 _aАмит Э. О.
090 _a821.512.145
_bА62
942 _cBK
040 _aUA-OsUOA
_brus
_cUA-OsUOA
_dUA-OsUOA
245 _aПоследний шанс
_bроман
300 _a384 с.
955 _a3
041 _arus
080 _a821.512.145
020 _a5-265-00300-2
260 _aМ.
_bСов. писатель
_c1988
650 7 _a82 Література. Літературознавство
_2UDC
999 _c378561
_d378561